| 000 | 00000nam 2200000zi 4500 |
| 001 | 9.933930 |
| 003 | CaOODSP |
| 005 | 20250506140340 |
| 006 | m o d f |
| 007 | cr cn||||||||| |
| 008 | 240214e201303 onc o f000 0 fre d |
| 040 | |aCaOODSP|bfre|erda|cCaOODSP |
| 043 | |an-cn--- |
| 086 | 1 |aHP5-204/2013F-PDF |
| 245 | 04|aAudit de suivi des mesures et interventions d'urgence : |brapport d’audit final. |
| 264 | 1|a[Ottawa] : |bAgence de la santé publique du Canada = Public Health Agency of Canada, |cmars 2013. |
| 300 | |a1 ressource en ligne (i, 19 pages) |
| 336 | |atexte|btxt|2rdacontent/fre |
| 337 | |ainformatique|bc|2rdamedia/fre |
| 338 | |aressource en ligne|bcr|2rdacarrier/fre |
| 500 | |aPublié aussi en anglais sous le titre : Follow-up audit of emergency preparedness and response : final audit report. |
| 610 | 26|aAgence de santé publique du Canada|xAudit. |
| 650 | 6|aGestion des situations d'urgence|zCanada|xAudit. |
| 650 | 6|aGestion des situations d'urgence|xPolitique gouvernementale|zCanada. |
| 710 | 2 |aAgence de santé publique du Canada, |eorganisme de publication. |
| 775 | 08|tFollow-up audit of emergency preparedness and response : |w(CaOODSP)9.933461 |
| 856 | 40|qPDF|s131 Ko|uhttps://publications.gc.ca/collections/collection_2024/aspc-phac/HP5-204-2013-fra.pdf |